Animals that People Googled - Statistics

General Stats
  • This quiz has been taken 14 times
  • The average score is 22 of 25
Answer Stats
Picture Hint Answer % Correct
6. Bear
100%
2. Cat
100%
18. Cow
100%
17. Deer
100%
1. Dog
100%
24. Dolphin
100%
16. Duck
100%
5. Fish
100%
3. Horse
100%
11. Lion
100%
19. Monkey
100%
10. Pig
100%
15. Rabbit
100%
8. Shark
100%
9. Snake
100%
12. Turkey
100%
7. Bird
92%
4. Chicken
92%
23. Eagle
92%
14. Spider
92%
20. Lobster
85%
25. Bison
77%
21. Ape
54%
22. Pony
54%
13. Gray Wolf
0%
No matching quizzes found
Score Distribution
Percent of People with Each Score
Percentile by Number Answered
Your Score History
You have not taken this quiz